The Impact of the minimum wage on regional labor markets

Bibliographic Details
Main Author: Krumm, Ronald J
Format: Book
Published: Washington : American Enterprise Institute for Public Policy Research , 1987
Subjects:

MARC

LEADER 00000cam a2200000 7i4500
001 0000005874
002 000006346
005 20000330.0
020 |a 0844734268 
090 0 0 |a 331.120973   |b KRU 
100 1 |a Krumm, Ronald J 
245 1 4 |a The Impact of the minimum wage on regional labor markets   |c Ronald J.Krumm 
260 |a Washington :   |b American Enterprise Institute for Public Policy Research ,   |c 1987 
300 |a 93p. ;   |c 22cm. 
650 0 0 |a Wages   |x Minimum wage   |z United States 
999 |a 037784   |b BUKU   |c PINJAMAN   |e PERPUSTAKAAN KOMUNITI PETALING JAYA